000 00847nam a2200229Ii 4500
003 JO-AjNU
008 230605s9999||||xx |||||||||||||| ||und||
017 _a2008/8/2692
020 _a9957-16-463-8
040 _aJO-AjNU
_bara
_erda
_cJO-AjNU
041 _aara
050 1 4 _aHF5686.C8 .S29 2009
100 3 _aالسيد،ناظم حسن عبد,
_eauthor
_928291
245 0 0 _aمحاسبة الجودة : مدخل تحليلي
250 _aط1 الاصدار الاول
264 3 1 _aعمان: دار الثقافة للنشر والتوزيع، 2009
300 _a223ص
_bيحتوي على ببلوغرافية من ص217-223ص
336 _atext
_btxt
_2rdacontent
337 _aunmediated
_bn
_2rdamedia
338 _avolume
_bnc
_2rdacarrier
650 4 _aالمحاسبة المالية- ادارة الانتاج- الجودة
_928292
999 _aA10954
_c14522
_d14522